Il rosa è solo un colore /

Quando hai sedici anni, ami il rosa e sei un ragazzo a cui piacciono i ragazzi, la vita può essere davvero complicata. Per andare avanti bisogna avere molto coraggio, anche se non è per niente facile. Nicola però sa che deve riuscirci: per se stesso, per la sua famiglia, per la sua migliore amica Ag...

全面介紹

Saved in:
書目詳細資料
主要作者: Volpe, Claudio
格式: 圖書
語言:意大利语
出版: San Dorligo della Valle : Einaudi Ragazzi, 2023
叢編:Varia Einaudi ragazzi
標簽: 添加標簽
沒有標簽, 成為第一個標記此記錄!

MARC

LEADER 00000nam a22000007i 4500
001 IT\ICCU\TSA\1787634
003 ItRI
005 20260115232132.0
008 230704s2023 it |||||| ||||| |||||c
020 |a 9788866568056 
040 |b ita  |c importazione bologna sebina 
041 7 |a ita  |2 ISO-639-2 
100 1 |a Volpe, Claudio  |0 IT\ICCU\LIAV\453713 
240 1 3 |a Il rosa è solo un colore  |3 IT\ICCU\TSA\1787635  |9 Volpe, Claudio 
245 1 3 |a Il rosa è solo un colore /  |c Claudio Volpe. 
260 |a San Dorligo della Valle :  |b Einaudi Ragazzi,  |c 2023 
300 |a 136 p. ;  |c 22 cm 
500 |a Le citazioni a pag.13 e 15 sono tratte da Pablo Neruda, Cento sonetti d'amore, Passigli Editori, Firenze 1996 
520 |a Quando hai sedici anni, ami il rosa e sei un ragazzo a cui piacciono i ragazzi, la vita può essere davvero complicata. Per andare avanti bisogna avere molto coraggio, anche se non è per niente facile. Nicola però sa che deve riuscirci: per se stesso, per la sua famiglia, per la sua migliore amica Agata e per Mattia, il ragazzo che ha cambiato per sempre tutto il suo mondo. Un libro di narrativa per ragazzi dai 13 anni. Una storia sul percorso di crescita di un giovane ragazzo omosessuale vittima di bullismo e sui suoi sforzi per essere felice. Un romanzo per i ragazzi alle prese con la propria formazione sessuale e sentimentale che vogliono lottare contro ogni forma di discriminazione. Età di lettura: da 13 anni.Quando hai sedici anni, ami il rosa e sei un ragazzo a cui piacciono i ragazzi, la vita può essere davvero complicata. Per andare avanti bisogna avere molto coraggio, anche se non è per niente facile. Nicola però sa che deve riuscirci: per se stesso, per la sua famiglia, per la sua migliore amica Agata e per Mattia, il ragazzo che ha cambiato per sempre tutto il suo mondo. Un libro di narrativa per ragazzi dai 13 anni. Una storia sul percorso di crescita di un giovane ragazzo omosessuale vittima di bullismo e sui suoi sforzi per essere felice. Un romanzo per i ragazzi alle prese con la propria formazione sessuale e sentimentale che vogliono lottare contro ogni forma di discriminazione. Età di lettura: da 13 anni. 
830 0 |a Varia Einaudi ragazzi  |0 IT\ICCU\TSA\1643623 
942 |2 ddc  |c BK  |n 0 
952 |0 0  |1 0  |4 0  |6 R_853_920000000000000_VOL  |7 0  |9 20653  |a BO  |b BO  |d 2026-01-15  |i 20166  |l 0  |o R 853.92 VOL  |p BO20166  |r 2026-01-15 23:21:32  |w 2026-01-15  |x [Sebina 5] [1 v.]  |y BK  |z 1 v. 
999 |c 17639  |d 17639